00764nam a22001817a 450000500170000000800410001704000270005804100080008504400070009310000440010024501270014426000620027130000170033350201240035065000190047465000430049370000460053620180824161020.0180824b2003 ck |||||rm||| 00| 0 spa d aCO-BoIAVH cCO-BoIAVH  aspa ack1 aRestrepo Salazar, Edwin FernandoeAutor10aDiversidad genética del tomate cultivado tipo chonto, Lycopersicom esculentum Mill, en las zonas productoras de Colombia aPalmira, Valle:bUniversidad Nacional de Colombia,c2003. a90 páginas aTrabajo de grado para optar al título de magister en ciencias con énfasis en recursos fitogenéticos neotropicales 0aTomatexchonto 0aLicopersicon esculentum Millxcultivos1 aVallejo Cabrera, Franco Alirio.eDirector